| 000 | 01170cam a22003135a 4500 | ||
|---|---|---|---|
| 001 | 18083495 | ||
| 005 | 20150526113150.0 | ||
| 008 | 140327t2014 gauadk fr 001 0 eng d | ||
| 020 | _a0881737283 (alk. paper) | ||
| 020 | _z0881737291 (electronic) | ||
| 020 | _a9781482255676 (taylor & francis distribution : alk. paper) | ||
| 040 |
_aDLC _beng _cDLC _dDLC _dEG-ScBUE |
||
| 082 | 0 | 0 |
_a697 _222 _bSUG |
| 100 | 1 |
_aSugarman, Samuel C., _d1946- _938084 |
|
| 245 | 1 | 0 |
_aTesting and balancing HVAC air and water systems / _cSamuel C. Sugarman. |
| 250 | _a5th ed. | ||
| 260 |
_aLilburn : _bThe Fairmont Press ; _aBoca Raton : _bCRC Press / Taylor & Francis Ltd., _cc.2014. |
||
| 300 |
_axv, 387 p. : _bcharts, forms, tables ; _c24 cm. |
||
| 500 | _aIndex : p. 383-387. | ||
| 650 | 0 |
_aHeating _xEquipment and supplies _xTesting. _2BUEsh |
|
| 650 | 0 |
_aVentilation _xEquipment and supplies _xTesting. _2BUEsh |
|
| 650 | 0 |
_aAir conditioning _xEquipment and supplies _xTesting. _2BUEsh |
|
| 650 | 0 |
_aBalancing of machinery. _2BUEsh |
|
| 650 | 0 |
_aHeat balance (Engineering) _2BUEsh |
|
| 651 | _2BUEsh | ||
| 653 |
_bENGCIV _cMay2015 |
||
| 655 |
_vreading book _934232 |
||
| 942 | _2ddc | ||
| 999 |
_c19440 _d19412 |
||